| 000 | 00607nam a2200241 a 4500 | ||
|---|---|---|---|
| 001 | nice12345678 | ||
| 003 | IN_TiNIC | ||
| 005 | 20260116011654.0 | ||
| 008 | 050524s1973 bana grp 000 0 eng | ||
| 020 |
_a _c6.5 |
||
| 082 | 0 | 0 |
_a269.2 _bTAY |
| 100 | _aTaylor, Richard W | ||
| 245 | _aContributions of E.Stanley Jones. | ||
| 260 |
_aBangalore _bChristian Instt.For Study of Religion _c1973 |
||
| 300 | _a120p | ||
| 500 | _aincludes index and biblioraphy | ||
| 505 | 2 | _aIndex | |
| 650 | _aEvangelistic Work | ||
| 700 | 1 | _aTaylor, Richard W | |
| 902 | _bSRS | ||
| 942 | _cBK | ||
| 999 |
_c3307 _d3307 |
||